History Quiz

Random History or Word Play Quiz
Score 0/20 Timer 01:30
2 Plays Today
% Correct
Oarack
89.5%
Lbraham
87.9%
Nichard
86.6%
Ewight
86.6%
Rheodore
85.8%
Cill
82.7%
Jyndon
81%
Crover
79.7%
Tachary
78.6%
Ferald
78.6%
% Correct
Vartin
77.3%
Kohn
72.9%
Milliam
66.5%
Aohn
66.5%
Tarry
65.6%
Jndrew
65.5%
Games
59.2%
Bames
58.1%
Pames
58.1%
Mames
55.8%
Remove Ads.
Support Sporcle.
Get the best of Sporcle when you Go Orange. This ad-free experience offers more features, more stats, and more fun while also helping to support Sporcle. Thank you for becoming a member.

You're not logged in!

Compare scores with friends on all Sporcle quizzes.
OR
Log In

Show Comments

Extras

Top Quizzes Today


Score Distribution

Your Account Isn't Verified!

In order to create a playlist on Sporcle, you need to verify the email address you used during registration. Go to your Sporcle Settings to finish the process.

Report this User

Report this user for behavior that violates our Community Guidelines.

Details: